[Event "Napoli Primavera al Vomero op 7th"]
[Site "Napoli"]
[Date "2011.03.18"]
[Round "2"]
[White "Zinnai, Graziano Matteo"]
[Black "Di Meo, Antonio"]
[Result "1-0"]
[WhiteElo "1807"]
[BlackElo "1972"]
[PlyCount "85"]
[EventDate "2011.03.11"]
[EventType "swiss"]
[EventRounds "7"]
[EventCountry "ITA"]
[SourceTitle "EXT 2018"]
[Source "ChessBase"]
[SourceDate "2017.10.13"]
[SourceVersion "1"]
[SourceVersionDate "2017.10.13"]
[SourceQuality "1"]

1. e4 c6 2. d3 e5 3. Nf3 d6 4. Be2 Nf6 5. 0-0 Be7 6. c3 0-0 7. Nbd2 Qc7 8. b4 h6 9. Bb2 Be6 10. a3 Re8 11. d4 Nbd7 12. c4 exd4 13. Nxd4 Nf8 14. f4 Bd7 15. Qc2 Ne6 16. Nf5 a5 17. Nxe7+ Rxe7 18. Bxf6 gxf6 19. Qc3 Qb6+ 20. Kh1 Qd4 21. Qg3+ Ng7 22. Rad1 f5 23. Qh4 Re6 24. Nf3 Qf6 25. Qxf6 Rxf6 26. e5 Re6 27. Rxd6 Rxd6 28. exd6 f6 29. c5 Kf7 30. Nd4 axb4 31. axb4 Re8 32. Bc4+ Kg6 33. g3 Re4 34. Rd1 h5 35. Kg2 h4 36. Kf3 hxg3 37. hxg3 Re8 38. Bd3 Ra8 39. g4 Ra3 40. gxf5+ Nxf5 41. Nxf5 Rxd3+ 42. Rxd3 Kxf5 43. Re3 1-0

[Event "Napoli Vomero Inverno op 6th"]
[Site "Napoli"]
[Date "2011.02.18"]
[Round "6"]
[White "Cerrato, Roberto"]
[Black "Di Meo, Antonio"]
[Result "0-1"]
[WhiteElo "1822"]
[BlackElo "1966"]
[PlyCount "48"]
[EventDate "2011.01.14"]
[EventType "swiss"]
[EventRounds "7"]
[EventCountry "ITA"]
[SourceTitle "EXT 2012"]
[Source "ChessBase"]
[SourceDate "2011.11.24"]
[SourceVersion "1"]
[SourceVersionDate "2011.11.24"]
[SourceQuality "1"]

1. Nf3 Nf6 2. c4 c5 3. g3 e6 4. Bg2 Be7 5. 0-0 0-0 6. d4 cxd4 7. Nxd4 Nc6 8. Nc3 a6 9. e4 Qb6 10. Nb3 d6 11. Be3 Qc7 12. Rc1 Re8 13. Na4 Nd7 14. Nc3 Nc5 15. Nd4 Bf6 16. a3 Nxd4 17. Bxd4 Nd7 18. b3 Rb8 19. Qd2 b6 20. Qe3 e5 21. Nd5 exd4 22. Qf4 Qa7 23. Qxd6 Bb7 24. Nb4 Ne5 0-1

[Event "Napoli Vomero Inverno op 6th"]
[Site "Napoli"]
[Date "2011.02.11"]
[Round "5"]
[White "Schiappoli, Dario"]
[Black "Di Meo, Antonio"]
[Result "1/2-1/2"]
[WhiteElo "1947"]
[BlackElo "1966"]
[PlyCount "29"]
[EventDate "2011.01.14"]
[EventType "swiss"]
[EventRounds "7"]
[EventCountry "ITA"]
[SourceTitle "EXT 2012"]
[Source "ChessBase"]
[SourceDate "2011.11.24"]
[SourceVersion "1"]
[SourceVersionDate "2011.11.24"]
[SourceQuality "1"]

1. e4 c6 2. d4 d5 3. Nc3 dxe4 4. Nxe4 Bf5 5. Ng3 Bg6 6. Nh3 Nf6 7. Nf4 e6 8. h4 Bd6 9. h5 Bf5 10. Nxf5 exf5 11. Qd3 Qe7+ 12. Be2 Qe4 13. f3 Qxd3 14. Bxd3 0-0 15. Bxf5 1/2-1/2

[Event "Napoli Vomero Inverno op 6th"]
[Site "Napoli"]
[Date "2011.02.04"]
[Round "4"]
[White "Di Meo, Antonio"]
[Black "Franzese, Luigi"]
[Result "1/2-1/2"]
[WhiteElo "1966"]
[BlackElo "1890"]
[PlyCount "112"]
[EventDate "2011.01.14"]
[EventType "swiss"]
[EventRounds "7"]
[EventCountry "ITA"]
[SourceTitle "EXT 2012"]
[Source "ChessBase"]
[SourceDate "2011.11.24"]
[SourceVersion "1"]
[SourceVersionDate "2011.11.24"]
[SourceQuality "1"]

1. b3 e5 2. Bb2 d6 3. e3 Nf6 4. Nf3 Be7 5. Be2 Nc6 6. 0-0 0-0 7. d4 exd4 8. Nxd4 Nxd4 9. Qxd4 Bd7 10. Bd3 Ne8 11. Qe4 g6 12. Qxb7 Bf6 13. Bxf6 Nxf6 14. Nd2 Be6 15. Qf3 Qe7 16. Ne4 Ng4 17. h3 Ne5 18. Qf6 Qxf6 19. Nxf6+ Kg7 20. Ne4 Nxd3 21. cxd3 Bf5 22. Rac1 Rac8 23. Rc6 Bd7 24. Rc3 f5 25. Ng3 Rfe8 26. Rfc1 c6 27. Ne2 Rc7 28. b4 Rec8 29. d4 Be6 30. a3 g5 31. Ng3 Kg6 32. e4 f4 33. Nf1 Bd7 34. Nd2 Kf6 35. Nb3 Ke7 36. d5 Kd8 37. dxc6 Rxc6 38. Rxc6 Rxc6 39. Rxc6 Bxc6 40. Nd2 Ke7 41. Kf1 Ke6 42. Ke2 Bb5+ 43. Kf3 h5 44. g3 fxg3 45. fxg3 Ke5 46. Ke3 g4 47. hxg4 hxg4 48. Nb3 Bc6 49. Nd2 Bb5 50. Nb1 Bc6 51. Nc3 a6 52. a4 Bb7 53. b5 axb5 54. axb5 Ba8 55. Kd3 Bb7 56. Kc4 Ba8 1/2-1/2

[Event "Napoli Vomero Inverno op 6th"]
[Site "Napoli"]
[Date "2011.01.14"]
[Round "1"]
[White "Zinnai, Graziano Matteo"]
[Black "Di Meo, Antonio"]
[Result "1/2-1/2"]
[WhiteElo "1807"]
[BlackElo "1966"]
[PlyCount "106"]
[EventDate "2011.01.14"]
[EventType "swiss"]
[EventRounds "7"]
[EventCountry "ITA"]
[SourceTitle "EXT 2012"]
[Source "ChessBase"]
[SourceDate "2011.11.24"]
[SourceVersion "1"]
[SourceVersionDate "2011.11.24"]
[SourceQuality "1"]

1. e4 c6 2. d3 d5 3. Nd2 dxe4 4. dxe4 g6 5. Ngf3 Bg7 6. c3 Nf6 7. Be2 0-0 8. 0-0 Qc7 9. Qc2 Nbd7 10. Re1 Rd8 11. Nf1 e5 12. Ng3 Nf8 13. h3 Ne6 14. Be3 b6 15. Rad1 Bb7 16. Qa4 c5 17. Ng5 Nxg5 18. Bxg5 Bc6 19. Bb5 Bxb5 20. Qxb5 Rxd1 21. Rxd1 Rd8 22. Qb3 Rxd1+ 23. Qxd1 Qd7 24. Qxd7 Nxd7 25. f3 c4 26. Nf1 Bf8 27. Ne3 Bc5 28. Kf2 f6 29. Bh4 Kf7 30. Ke2 Bxe3 31. Kxe3 Nc5 32. Bg3 Na4 33. b3 cxb3 34. axb3 Nxc3 35. Kd3 Nb5 36. Kc4 Nc7 37. Bf2 Ke6 38. b4 h6 39. b5 Kd6 40. h4 Ne6 41. g3 f5 42. Be3 f4 43. gxf4 Nxf4 44. Bxf4 exf4 45. Kd4 g5 46. hxg5 hxg5 47. e5+ Ke7 48. Kd3 Kf7 49. Ke4 Ke6 50. Kd4 Kf7 51. Kd3 Ke7 52. Kd4 Kd7 53. Kd3 Ke7 1/2-1/2

[Event "Napoli Vomero Summer op 4th"]
[Site "Napoli"]
[Date "2010.06.10"]
[Round "5"]
[White "De Rosa, Francesco"]
[Black "Di Meo, Antonio"]
[Result "1-0"]
[WhiteElo "1988"]
[BlackElo "1959"]
[PlyCount "109"]
[EventDate "2010.05.06"]
[EventType "swiss"]
[EventRounds "7"]
[EventCountry "ITA"]
[SourceTitle "EXT 2024"]
[Source "ChessBase"]
[SourceDate "2023.10.10"]
[SourceVersion "1"]
[SourceVersionDate "2023.10.10"]
[SourceQuality "1"]

1. e4 c6 2. d4 d5 3. Nc3 dxe4 4. Nxe4 Bf5 5. Ng3 Bg6 6. h4 h6 7. Nf3 Nd7 8. h5 Bh7 9. Bd3 Bxd3 10. Qxd3 Qc7 11. Bd2 e6 12. 0-0-0 0-0-0 13. Kb1 Ngf6 14. Ne4 c5 15. Nxf6 Nxf6 16. Qe2 cxd4 17. Ne5 Nd5 18. Rh3 Bd6 19. f4 Kb8 20. c4 Nb4 21. Bxb4 Bxb4 22. Rb3 Bc5 23. Qe4 Ka8 24. Nd3 Be7 25. g4 Rc8 26. c5 Rhd8 27. Rc1 Qc6 28. Qe2 Qa6 29. Qd1 Qa5 30. Qf3 Rc7 31. c6 Qd5 32. Qxd5 exd5 33. Ne5 f6 34. cxb7+ Rxb7 35. Rxb7 Kxb7 36. Nc6 Rd7 37. Nxd4 Bd6 38. Ne6 Re7 39. Re1 Kb6 40. f5 Be5 41. Kc2 Rd7 42. Re3 Kc6 43. Rb3 d4 44. Kd3 Kd5 45. Rb4 Kc6 46. Rc4+ Kd5 47. Nxd4 Kd6 48. Ke4 Ke7 49. Nc6+ Kd6 50. Nxe5 fxe5 51. Rc3 Rb7 52. Rb3 Rxb3 53. axb3 a5 54. b4 axb4 55. b3 1-0